| 000 | 01186nam0a2200337 4500 | ||
|---|---|---|---|
| 001 | RU\NLR\BIBL_A\011438276 | ||
| 005 | 20241104013546.0 | ||
| 010 |
_a9785990698550 _9200 |
||
| 021 |
_aRU _b2017-46961 _93379 |
||
| 035 | _a(RuMoRGB)008923244 | ||
| 035 | _a(NLR Aleph) 011438276 | ||
| 090 |
_a11687264 _c11687264 |
||
| 100 | _a20170712d2017 u y0rusy50 ca | ||
| 101 | 0 | _arus | |
| 102 | _aRU | ||
| 105 | _aa z 00zy | ||
| 200 | 1 |
_aАмерика моими глазами _eпутевые очерки о жизни и путешествиях по Американскому континенту _fАлла Д. Валько |
|
| 210 |
_aМосква _cСовЛит _d2017 |
||
| 215 |
_a183 с., [2] л. цв. ил. _cил. _d27 |
||
| 320 | _aДр. кн. авт. на 4-й с. | ||
| 333 | _a16+ | ||
| 607 |
_aАмерика _xОписание и путешествия _92171307 _3RU\NLR\AUTH\661306123 |
||
| 686 |
_aШ5(2=Р)64-646.43Америка _2rubbk |
||
| 686 | 1 | _aД890(7)02 | |
| 686 | 2 | _aШ6(2=Р)8-464.3 | |
| 700 | 1 |
_aВалько _bА. Д. _gАлла Д |
|
| 942 | _cBOOK | ||
| 980 | _aNBR | ||